Machine Learning with Python /

I tiakina i:
Ngā taipitopito rārangi puna kōrero
Kaituhi matua: Tarkeshwar Barua (autor)
Ētahi atu kaituhi: Kamal Kant Hiran (autor) (autor), Ritesh Kumar Jain and Ruchi Doshi (autor) (autor)
Hōputu: Pukapuka
Reo:Ingarihi
I whakaputaina: Berlín, Alemania : De Gruyter Brill, 2024, c2024
Urunga tuihono:Ver documento en línea
Ngā Tūtohu: Tāpirihia he Tūtohu
Kāore He Tūtohu, Me noho koe te mea tuatahi ki te tūtohu i tēnei pūkete!

MARC

LEADER 00000nam^a22000000a04500
001 000631088
005 20260416000000.0
009 20260416115644.56
020 |a 9783110697186 
037 |a Acervo ITESO - Biblioteca 
041 |a ING 
082 |a Libro en línea 
100 |a Tarkeshwar Barua  |e (autor) 
245 1 0 |a Machine Learning with Python / 
264 4 |a Berlín, Alemania :  |b De Gruyter Brill,  |c 2024, c2024 
264 2 |a Berlín, Alemania :  |b De Gruyter Brill [distribución],  |c 2026 
300 |a 1 libro electrónico en línea ( p.) 
300 |a 1 recurso en línea 
336 |a datos para computadora  |b cod  |2 rdacontenido 
337 |a computadora  |b c  |2 rdamedio 
338 |a recurso en línea  |b cr  |2 rdasoporte 
506 0 |a Licencias ilimitadas 
521 |a De Gruyter Brill 2026 EEnlace Departamento de Matemáticas y Física 
567 |a Catalogación rápida 
649 |a XX 
700 |a Kamal Kant Hiran  |e (autor) 
700 |a Ritesh Kumar Jain and Ruchi Doshi  |e (autor) 
856 4 0 |u https://ezproxy.iteso.mx/login?qurl=https://doi.org/10.1515/9783110697186  |y Ver documento en línea 
910 |a Fondo General 
920 |a Electrónicos - Libros en Línea 
930 |a Plataforma Digital 
905 |a 205 
902 |a https://opac.biblio.iteso.mx/vufind/Record/000631088